000 00982nam a22002177a 4500
003 OSt
005 20260127153838.0
008 230719b ||||| |||| 00| 0 eng d
040 _cSSBUL
041 _ashan
082 _223
_a294.3
100 0 _aဝၢၼ်ႈၼွၵ်ႈ(မိူင်းၼၢင်းသိပ်းသွင်)၊
_cၸၢႆး။
_928166
245 1 0 _aလွင်ႈပုၵ်ႉထၽႃႇသႃႇလႄႈ လွင်ႈယူႇသဝ်းပိူင်ၵူၼ်း /
_cၸၢႆးဝၢၼ်ႈၼွၵ်ႈ(မိူင်းၼၢင်းသိပ်းသွင်)။
260 _aတူၼ်ႈတီး၊
_bဢွင်ႇပၢၼ်းၽိဝ်ႇ၊
_c2014 ။
300 _aS ၊ 58 ၼႃႈ၊
_bပႃးႁၢင်ႈ(သီ)၊
_c21 ၸိၼ်ႇတီႇ။
500 _aS-SAT: Dr. Prof Sai Aung Tun
650 _aပုတ်ႉထၽႃႇသႃႇ
942 _cBK
942 _2ddc
942 _2ddc
999 _c27341
_d27341